MARC

LEADER 00000nam0a2200000 4500
001 16589
005 20251128120006.0
035 |a (RuTPU)RU\TPU\book\16716 
035 |a BOOK00001404 
090 |a 16589 
100 |a 20011209d1962 km y0rusy50 ca 
101 0 |a rus 
102 |a RU 
105 |a y z 000zb 
200 1 |a М. И. Кутузов - дипломат  |f Н. П. Муньков 
210 |a Москва  |c Соцэкгиз  |d 1962 
215 |a 141 с. 
600 1 |a Кутузов  |g Михаил Илларионович  |b М. И.  |c российский полководец  |c генерал-фельдмаршал  |c светлейший князь Смоленский  |f 1745-1813  |2 stltpui  |3 (RuTPU)RU\TPU\pers\250 
606 |a Армия русская  |x История  |z кон. 17 в.-1917  |9 81775 
610 1 |a 18 век 
610 1 |a 19 век 
610 1 |a военная история 
610 1 |a русское военное искусство 
610 1 |a дипломатия 
610 1 |a Россия 
686 |a Т3(2)5-3  |2 rubbk 
700 1 |a Муньков  |b Н. П.  |g Николай Петрович 
801 0 |a RU  |b 63413507  |c 20011209  |g PSBO 
801 2 |a RU  |b 63413507  |c 20210622  |g PSBO 
942 |c BK